Le système pénitentiaire français : État des lieux, politique, et enjeux (notice n° 2084646)

détails MARC
000 -LEADER
fixed length control field 01452cam a2200145 4500500
005 - DATE AND TIME OF LATEST TRANSACTION
control field 20260405005541.0
041 ## - LANGUAGE CODE
Language code of text/sound track or separate title fre
042 ## - AUTHENTICATION CODE
Authentication code dc
100 10 - MAIN ENTRY--PERSONAL NAME
Personal name Gomez, Théo
Relator term author
245 00 - TITLE STATEMENT
Title Le système pénitentiaire français : État des lieux, politique, et enjeux
260 ## - PUBLICATION, DISTRIBUTION, ETC.
Name of publisher, distributor, etc. Armand Colin,<br/>
Date of publication, distribution, etc. 2024.<br/>
520 ## - SUMMARY, ETC.
Summary, etc. Surpopulation, radicalisation en détention, prévention de la récidive, droits des personnes détenues… les enjeux pénitentiaires font l’objet d’une attention médiatique constante et alimentent, non sans polémiques, les débats politiques et médiatiques.Ce manuel vise à une meilleure compréhension des enjeux qui sous-tendent la prise en charge carcérale en France, à travers une analyse juridique, historique, sociologique et politique.Une première approche globale du monde carcéral qui traite de l’identification des acteurs de la détention, des enjeux sécuritaires de la prison et des axes de normalisation de la vie des personnes détenues, pour garantir leurs droits et assurer l’objectif de réinsertion assigné à la détention.Ce livre s’adresse particulièrement aux étudiants désireux de parfaire leurs connaissances des politiques sécuritaires de l’État, et notamment à ceux qui se destinent aux concours judiciaires.
700 10 - ADDED ENTRY--PERSONAL NAME
Personal name Pineau, Alix
Relator term author
856 41 - ELECTRONIC LOCATION AND ACCESS
Uniform Resource Identifier <a href="https://droit.cairn.info/le-systeme-penitentiaire-francais--9782200637385?lang=fr&redirect-ssocas=7080">https://droit.cairn.info/le-systeme-penitentiaire-francais--9782200637385?lang=fr&redirect-ssocas=7080</a>

Pas d'exemplaire disponible.

PLUDOC

PLUDOC est la plateforme unique et centralisée de gestion des bibliothèques physiques et numériques de Guinée administré par le CEDUST. Elle est la plus grande base de données de ressources documentaires pour les Étudiants, Enseignants chercheurs et Chercheurs de Guinée.

Adresse

627 919 101/664 919 101

25 boulevard du commerce
Kaloum, Conakry, Guinée

Réseaux sociaux

Powered by Netsen Group @ 2025